Oscar for Best Animated Short Film - Statistics

General Stats
  • This quiz has been taken 8 times
  • The average score is 19 of 85
Answer Stats
Year Director Animated Short % Correct
1995 Nick Park A Close Shave
60%
2001 Ralph Eggleston For the Birds
60%
1997 Jan Pinkava Geri's Game
60%
2009 Nicolas Schmerkin Logorama
60%
2012 John Kahrs Paperman
60%
2016 Alan Barillaro and Marc Sondheimer Piper
60%
1993 Nick Park The Wrong Trousers
60%
1989 Wolfgang & Christoph Lauenstein Balance
40%
2015 Gabriel Osoro Vargas and Pato Escala Pierart Bear Story
40%
1942 Walt Disney Der Fuehrer's Face
40%
2000 Michael Dudok de Wit Father and Daughter
40%
2014 Patrick Osborne and Kristina Reed Feast
40%
1938 Walt Disney Ferdinand the Bull
40%
1932 Walt Disney Flowers and Trees
40%
2008 Kunio Kato La Maison en Petits Cubes
40%
1946 Fred Quimby The Cat Concerto
40%
1971 Ted Petok The Crunch Bird
40%
1965 Chuck Jones and Les Goldman The Dot and the Line
40%
1937 Walt Disney The Old Mill
40%
1988 John Lasseter and William Reeves Tin Toy
40%
1972 Richard Williams A Christmas Carol
20%
1986 Linda Van Tulden and Willem Thijsen A Greek Tragedy
20%
1985 Cilia Van Dijk Anna & Bella
20%
1957 Edward Selzer Birds Anonymous
20%
1998 Chris Wedge Bunny
20%
1974 Bob Gardiner and Will Vinton Closed Mondays
20%
1981 Frédéric Back Crac
20%
1990 Nick Park Creature Comforts
20%
1961 Dusan Vukotic Ersatz (The Substitute)
20%
1979 Derek Lamb Every Child
20%
1949 Edward Selzer For Scent-imental Reasons
20%
1973 Frank Mouris Frank Film
20%
2003 Adam Elliot Harvie Krumpet
20%
1970 Lee Mishkin Is It Always Right to Be Right?
20%
1969 Ward Kimball It's Tough to Be a Bird
20%
1952 Fred Quimby Johann Mouse
20%
1976 Suzanne Baker Leisure
20%
1941 Walt Disney Lend a Paw
20%
1944 Fred Quimby Mouse Trouble
20%
2013 Laurent Witz and Alexandre Espigares Mr Hublot
20%
1960 Jules Feiffer and William L. Snyder Munro
20%
2007 Suzie Templeton and Hugh Welchman Peter & the Wolf
20%
1996 Tyron Montgomery and Thomas Stellmach Quest
20%
2004 Chris Landreth Ryan
20%
1978 Eunice Macauley and John Weldon Special Delivery
20%
1955 Edward Selzer Speedy Gonzales
20%
1982 Zbigniew Rybczynski Tango
20%
1967 Fred Wolf The Box
20%
2002 Eric Armstrong The ChubbChubbs!
20%
1963 Ernest Pintoff The Critic
20%
2006 Torill Kove The Danish Poet
20%
2011 William Joyce and Brandon Oldenburg The Fantastic Flying Books of Mr. Morris Lessmore
20%
1980 Ferenc Rofusz The Fly
20%
1962 John & Faith Hubley The Hole
20%
2010 Shaun Tan and Andrew Ruhemann The Lost Thing
20%
1987 Frédéric Back The Man Who Planted Trees
20%
1940 Fred Quimby and Rudolph Ising The Milky Way
20%
2005 John Canemaker and Peggy Stern The Moon and the Son: An Imagined Conversation
20%
1999 Aleksandr Petrov The Old Man and the Sea
20%
1964 David H. DePatie and Fritz Freleng The Pink Phink
20%
1977 Co Hoedeman The Sand Castle
20%
1934 Walt Disney The Tortoise and the Hare
20%
1951 Fred Quimby The Two Mouseketeers
20%
1939 Walt Disney The Ugly Duckling
20%
1943 Fred Quimby The Yankee Doodle Mouse
20%
1933 Walt Disney Three Little Pigs
20%
1935 Walt Disney Three Orphan Kittens
20%
1953 Walt Disney Toot, Whistle, Plunk and Boom
20%
1947 Edward Selzer Tweetie Pie
20%
1968 Walt Disney Winnie the Pooh and the Blustery Day
20%
1966 John & Faith Hubley A Herb Alpert and the Tijuana Brass Double Feature
0%
1994 Alison Snowden and David Fine Bob's Birthday
0%
1984 Jon Minnis Charade
0%
1950 Stephen Bosustow Gerald McBoing-Boing
0%
1975 Bob Godfrey Great
0%
1958 John W. Burton Knighty Knight Bugs
0%
1956 Stephen Bosustow Magoo's Puddle Jumper
0%
1991 Daniel Greaves Manipulation
0%
1992 Joan C. Gratz Mona Lisa Descending a Staircase
0%
1959 John & Faith Hubley Moonbird
0%
1945 Fred Quimby Quiet Please!
0%
1983 Jimmy Picker Sundae in New York
0%
1936 Walt Disney The Country Cousin
0%
1948 Fred Quimby The Little Orphan
0%
1954 Stephen Bosustow When Magoo Flew
0%
No matching quizzes found
Score Distribution
Percent of People with Each Score
Percentile by Number Answered
Your Score History
You have not taken this quiz